000 00521nam a22001937a 4500
003 BUBTL
008 180215b xxu||||| |||| 00| 0 eng d
020 _a81-7629-078-5
082 _a341DIP
100 _91816
_aDiwan,Paras
245 _aPrivate International Law :
_bIndian And English
250 _a8th ed.
260 _aNew Delhi,
_bDeep & Deep Publications
_cc2015
300 _axxxi,744 p. :
_c22 cm.
650 0 _926
_aLaw
856 _k0
_l0
_yDownload
942 _2ddc
_cBK
999 _c5690
_d5690